Normal view MARC view

Entry Personal Name

Number of records used in: 2

001 - CONTROL NUMBER

  • control field: 87581

003 - CONTROL NUMBER IDENTIFIER

  • control field: dpl

005 - DATE AND TIME OF LATEST TRANSACTION

  • control field: 20260226165047.0

008 - FIXED-LENGTH DATA ELEMENTS

  • fixed length control field: 260226|| aca||aabn | a|a d

040 ## - CATALOGING SOURCE

  • Original cataloging agency: dpl
  • Transcribing agency: dpl

100 ## - HEADING--PERSONAL NAME

  • Personal name: Bhatnagar, Mahesh

670 ## - SOURCE DATA FOUND

  • Source citation: Work cat.: (dpl)215064: Agarwal, R.C. 87580, Constitutional Development and National Movement of India:, 2026 (repr.)

© Delhi Public Library
Hit Counter
free hit counter